Varieties of groups /

Guardado en:
Autor Principal: Neumann, Hanna.
Formato: Libro
Idioma:English
Publicado: New York : Springer-Verlag, 1967.
Series:Ergebnisse der Mathematik und ihrer Grenzgebiete ; Bd. 37
Etiquetas: Agregar Etiqueta
Sin Etiquetas, Sea el primero en etiquetar este registro!
LEADER 00574cam a22001815 4500
001 MAT.inmabb001824
008 740906s1967####nyu######b####001#0#eng#d
005 20130412150129.0
245 1 0 |a Varieties of groups /  |c Hanna Neumann. 
260 |a New York :  |b Springer-Verlag,  |c 1967. 
300 |a viii, 192 p. ;  |c 24 cm. 
440 0 |a Ergebnisse der Mathematik und ihrer Grenzgebiete ;  |v Bd. 37 
504 |a Bibliografía: p. [181]-186. 
510 4 |a MR,  |c 35 #6734 
100 1 |a Neumann, Hanna. 
084 |a 20E10  |2 msc2000 
010 |a  67015607  
859 |h 20  |i N492  |p A-3276  |b BIB. MATEMATICA